[Event "Regionalliga NO 0405"]
[Site "Bayern"]
[Date "2004.10.24"]
[Round "1.7"]
[White "Braun, Xaver"]
[Black "Siptitz, Friedrich"]
[Result "0-1"]
[WhiteElo "1804"]
[BlackElo "1965"]
[PlyCount "74"]
[EventDate "2004.10.24"]
[EventType "team-tourn"]
[EventRounds "9"]
[EventCountry "GER"]
[SourceTitle "EXT 2007"]
[Source "ChessBase"]
[SourceDate "2006.11.23"]
[SourceVersion "1"]
[SourceVersionDate "2006.11.23"]
[SourceQuality "1"]
[WhiteTeam "Regensburg Eulenspiegel"]
[BlackTeam "Nuernberg Sued SW II"]
[WhiteTeamCountry "GER"]
[BlackTeamCountry "GER"]

1. c4 e5 2. Nc3 Nc6 3. g3 g6 4. Bg2 Bg7 5. Nf3 Nge7 6. 0-0 0-0 7. d3 d6 8. Bg5 h6 9. Bd2 Be6 10. h3 f5 11. Qb3 Rb8 12. Nd5 Qd7 13. Kh2 Nd8 14. Bc3 c6 15. Nxe7+ Qxe7 16. Qa3 Nf7 17. Qxa7 Kh7 18. Qe3 Rbe8 19. c5 Bd5 20. b4 dxc5 21. bxc5 Qc7 22. Qd2 f4 23. Rab1 Bxf3 24. Bxf3 Ng5 25. Bg2 f3 26. exf3 Nxf3+ 27. Bxf3 Rxf3 28. Kg2 Ref8 29. Qe2 Qd7 30. Rbd1 Qd5 31. Qe4 Qxe4 32. dxe4 Rxc3 33. Rd7 Rxc5 34. Rxb7 Rb5 35. Ra7 Rb4 36. Rd1 Rb2 37. Rdd7 Rbxf2+ 0-1

[Event "Mittelfranken-ch Seniors 53rd"]
[Site "Lauf"]
[Date "2004.04.08"]
[Round "4"]
[White "Mendelson, Borys"]
[Black "Siptitz, Friedrich"]
[Result "1/2-1/2"]
[WhiteElo "1777"]
[BlackElo "1940"]
[PlyCount "114"]
[EventDate "2004.04.07"]
[EventType "swiss"]
[EventRounds "7"]
[EventCountry "GER"]
[SourceTitle "EXT 2006"]
[Source "ChessBase"]
[SourceDate "2005.11.24"]
[SourceVersion "1"]
[SourceVersionDate "2005.11.24"]
[SourceQuality "1"]

1. e4 g6 2. Bc4 Bg7 3. c3 c6 4. Ne2 d5 5. exd5 cxd5 6. Bb5+ Nc6 7. d4 Bd7 8. Nd2 Nf6 9. 0-0 0-0 10. h3 a6 11. Bd3 e5 12. dxe5 Nxe5 13. Bc2 Re8 14. Ng3 Qb6 15. Nf3 Bb5 16. Be3 Qc7 17. Re1 Nc4 18. Qc1 Nxe3 19. Rxe3 Rxe3 20. Qxe3 Re8 21. Qd2 Ne4 22. Nxe4 dxe4 23. Nd4 Qb6 24. Nxb5 Qxb5 25. Bb3 Bf6 26. Qf4 Kg7 27. Re1 Qg5 28. Qxg5 Bxg5 29. Bd5 e3 30. Kf1 b6 31. g3 Rd8 32. c4 exf2 33. Kxf2 b5 34. b3 Bf6 35. Re4 a5 36. g4 bxc4 37. bxc4 Kf8 38. Rf4 Bh4+ 39. Kf3 f6 40. Re4 Re8 41. Ke3 Bg3 42. Kd3 Bf2 43. Kc3 Rxe4 44. Bxe4 Ke7 45. Kb3 Kd6 46. Ka4 Ke5 47. Bd5 Be1 48. Kb3 f5 49. gxf5 gxf5 50. Kc2 Kd4 51. Kb3 h5 52. Ka4 Ke5 53. Kb3 h4 54. Kc2 Kd4 55. Kb3 f4 56. Ka4 Ke5 57. Kb3 Bf2 1/2-1/2

[Event "Mittelfranken-ch Seniors 53rd"]
[Site "Lauf"]
[Date "2004.04.08"]
[Round "3"]
[White "Siptitz, Friedrich"]
[Black "Pidtoptanyy, Igor"]
[Result "1-0"]
[WhiteElo "1940"]
[BlackElo "1754"]
[PlyCount "103"]
[EventDate "2004.04.07"]
[EventType "swiss"]
[EventRounds "7"]
[EventCountry "GER"]
[SourceTitle "EXT 2006"]
[Source "ChessBase"]
[SourceDate "2005.11.24"]
[SourceVersion "1"]
[SourceVersionDate "2005.11.24"]
[SourceQuality "1"]

1. d4 d5 2. c4 c6 3. Nc3 Nf6 4. Nf3 Be6 5. cxd5 cxd5 6. Qb3 Qb6 7. Qxb6 axb6 8. Bf4 Bd7 9. e3 Na6 10. Bb5 e6 11. 0-0 Bb4 12. Bxd7+ Nxd7 13. Nb5 0-0 14. a3 Be7 15. Rac1 Rfc8 16. Ne5 Nxe5 17. Bxe5 Rc6 18. Rxc6 bxc6 19. Nc7 Nxc7 20. Bxc7 Bd8 21. Bd6 f6 22. Rc1 Rc8 23. b4 Kf7 24. b5 Be7 25. Bb4 c5 26. dxc5 bxc5 27. b6 Ke8 28. a4 Kd7 29. Bd2 Kc6 30. Rb1 Kb7 31. a5 e5 32. Rc1 Bd6 33. Kf1 c4 34. Bc3 Bc5 35. Be1 Ba3 36. Rd1 c3 37. Bxc3 Rxc3 38. Rxd5 Ka6 39. Rd7 Kxa5 40. b7 Rb3 41. Rxg7 Ka6 42. Rf7 Rxb7 43. Rxf6+ Rb6 44. Rf5 Re6 45. g4 Kb6 46. h4 Kc6 47. Kg2 h6 48. f4 e4 49. g5 Bc5 50. Kf2 hxg5 51. hxg5 Bd6 52. Ra5 1-0

[Event "Bayern-ch Seniors 11th"]
[Site "Schloss Schney"]
[Date "1999.??.??"]
[Round "4"]
[White "Pietruske, Siegfried"]
[Black "Siptitz, Friedrich"]
[Result "1-0"]
[WhiteElo "1864"]
[BlackElo "2060"]
[PlyCount "111"]
[EventDate "1999.11.??"]
[EventType "swiss"]
[EventRounds "9"]
[EventCountry "GER"]
[SourceTitle "EXT 2002"]
[Source "ChessBase"]
[SourceDate "2001.11.25"]
[SourceVersion "1"]
[SourceVersionDate "2001.11.25"]
[SourceQuality "1"]

1. e4 c6 2. d4 g6 3. Nc3 Bg7 4. Be3 d6 5. Qd2 b5 6. f3 h5 7. Bd3 Nd7 8. Nh3 Nb6 9. Nf2 Qc7 10. 0-0 e5 11. d5 b4 12. Ne2 cxd5 13. Bb5+ Ke7 14. exd5 a5 15. f4 Nc4 16. Bxc4 Qxc4 17. fxe5 dxe5 18. b3 Qb5 19. Ne4 f5 20. c4 bxc3 21. N4xc3 Qd7 22. Bc5+ Kf7 23. Ne4 Nf6 24. Ng5+ Kg8 25. Nc3 Bb7 26. Rad1 Rc8 27. Ba3 Bh6 28. h4 Ng4 29. d6 Bxg5 30. Qxg5 Rh7 31. Nd5 Bxd5 32. Rxd5 Rg7 33. Rc1 Rxc1+ 34. Qxc1 Qd8 35. Qg5 Qb6+ 36. Bc5 Qc6 37. Qd2 Rd7 38. Ba3 Qb6+ 39. Bc5 Qc6 40. Ba3 Kf7 41. Rxa5 Ke6 42. Bc5 f4 43. Qd3 Kf6 44. b4 Ne3 45. Bxe3 Rxd6 46. Qf1 Qc2 47. Ra6 Rxa6 48. Qxa6+ Kf5 49. Bf2 Qb1+ 50. Kh2 Qxb4 51. Qc8+ Kf6 52. Qa6+ Kf5 53. a4 Qd2 54. Qc8+ Kf6 55. Bc5 Qe1 56. Qf8+ 1-0

[Event "Bayern-ch Seniors 11th"]
[Site "Schloss Schney"]
[Date "1999.??.??"]
[Round "6"]
[White "Schratzenstaller, Albert"]
[Black "Siptitz, Friedrich"]
[Result "0-1"]
[WhiteElo "1793"]
[BlackElo "2060"]
[PlyCount "78"]
[EventDate "1999.11.??"]
[EventType "swiss"]
[EventRounds "9"]
[EventCountry "GER"]
[SourceTitle "EXT 2002"]
[Source "ChessBase"]
[SourceDate "2001.11.25"]
[SourceVersion "1"]
[SourceVersionDate "2001.11.25"]
[SourceQuality "1"]

1. c4 c5 2. Nc3 Nc6 3. g3 g6 4. Nf3 Bg7 5. Bg2 Nf6 6. 0-0 0-0 7. d4 cxd4 8. Nxd4 Nxd4 9. Qxd4 d6 10. Qd3 Rb8 11. Be3 b6 12. Rac1 Be6 13. b3 Qd7 14. Nd5 Ng4 15. Bd4 Ne5 16. Qd2 Rfe8 17. Qb2 f6 18. Rfd1 Kh8 19. Nb4 Rbc8 20. f4 Ng4 21. h3 Nh6 22. Kh2 Bg8 23. Nd3 Qc7 24. e4 e5 25. Bc3 f5 26. fxe5 dxe5 27. Nb4 fxe4 28. Bxe4 Nf5 29. Nd5 Bxd5 30. Rxd5 Re7 31. Bb4 Rf7 32. Bxf5 Rxf5 33. Bd6 Qf7 34. Rd2 h5 35. Rg2 Qe6 36. Bb4 h4 37. Be1 Rf3 38. g4 e4 39. Bxh4 Bxb2 0-1

[Event "Mecklenburg VP-ch MT"]
[Site "Diedrichshagen"]
[Date "1998.04.09"]
[Round "3.12"]
[White "Siptitz, Friedrich"]
[Black "Stutz, Reno"]
[Result "1-0"]
[WhiteElo "2051"]
[BlackElo "2027"]
[PlyCount "91"]
[EventDate "1998.04.08"]
[EventType "tourn"]
[EventRounds "9"]
[EventCountry "GER"]
[SourceTitle "EXT 2022"]
[Source "ChessBase"]
[SourceDate "2021.10.06"]
[SourceVersion "1"]
[SourceVersionDate "2021.10.06"]
[SourceQuality "1"]

1. d4 d5 2. Nc3 Bf5 3. Nf3 Nf6 4. Bg5 Ne4 5. Bf4 e6 6. Nd2 Bd6 7. Bxd6 Nxd6 8. g3 Nc6 9. e3 0-0 10. Bg2 Qf6 11. a3 Na5 12. 0-0 Rfd8 13. b3 Rac8 14. Na4 b6 15. c4 c5 16. dxc5 bxc5 17. cxd5 exd5 18. Rc1 d4 19. e4 Bd7 20. Nxc5 Bb5 21. Re1 Qe7 22. e5 Nf5 23. b4 Nc6 24. Bh3 g6 25. e6 fxe6 26. Bxf5 gxf5 27. Rxe6 Qf7 28. Qb3 d3 29. Rf6 Qxb3 30. Ncxb3 Nd4 31. Rxc8 Ne2+ 32. Kf1 Rxc8 33. Nc5 Nd4 34. Rd6 Nc2 35. a4 Bc6 36. b5 Be4 37. Nxd3 Bxd3+ 38. Rxd3 Nb4 39. Rd7 Rc1+ 40. Kg2 Rd1 41. Rd6 Nc2 42. Nc4 Rc1 43. Ne5 Ne1+ 44. Kh3 Kg7 45. Ra6 Rc7 46. Nc6 1-0